[Event "Medellin Amateur op"]
[White "Morales Gutierrez, Elkin"]
[Black "Gallego, Orlando"]
[Site "Medellin"]
[Round "7.2"]
[Result "0-1"]
[Date "2011.04.23"]
[WhiteElo "1745"]
[BlackElo "1754"]
[PlyCount "22"]
[EventDate "2011.04.20"]
[EventType "swiss"]
[EventRounds "9"]
[EventCountry "COL"]
[SourceTitle "EXT 2024"]
[Source "ChessBase"]
[SourceDate "2023.10.10"]
[SourceVersion "1"]
[SourceVersionDate "2023.10.10"]
[SourceQuality "1"]

1. e4 e5 2. Nf3 Nc6 3. Nc3 Nf6 4. Bc4 Bc5 5. d3 h6 6. a3 d6 7. h3 Be6 8. Nd5 Bxd5 9. exd5 Ne7 10. Bb5+ c6 11. dxc6 Qa5+ 0-1